000 00327nam a2200157Ia 4500
100 _aDavis/John W
650 _aMANUFACTURING
942 _cRB
366 _f25
245 _aLean Manufacturing
260 _bIndustrial Press
_c2009
082 _a658.5
_bDAV
300 _a178
546 _aENGLISH
_cInfo.Tech
999 _c24359
_d24359